| 000 | 01152nam a2200301 i 4500 | ||
|---|---|---|---|
| 003 | DO-SdBNP | ||
| 005 | 20231020094513.0 | ||
| 007 | ta | ||
| 008 | 231019b2023 dr acd|| |||| 00| 0 spa d | ||
| 020 | _a9789945242683 | ||
| 040 |
_aDO-SdBNP _bspa _cBNPHU _erda |
||
| 082 | 4 | _222 | |
| 100 |
_4Báez, Ana, _eautora |
||
| 245 | 0 | 0 |
_aCiencias de la naturaleza 4 : _bdel proyecto activamente. Segundo ciclo educación primaria / _cAna Báez, Eduver Polanco Cruz ; editor, Claudia Llibre ; corrección, Mirtha González Gutiérrez ; revisión editorial Gisela M. Vargas Ortega |
| 264 |
_aSanto Domingo : _bSantillana, _c2023 |
||
| 300 |
_avolumen : _bilustraciones, retratos, diagrámas ; _c28 cm. |
||
| 336 |
_2rdacontent _atexto _btxt |
||
| 337 |
_2rdamedia _asin mediación _bn |
||
| 338 |
_2rdacarrier _avolumen _bnc |
||
| 490 | _aProyecto activa mente | ||
| 505 | 0 |
_av. 2 : _tlibro del maestro. |
|
| 590 | _aInventariado, 2023/BT | ||
| 700 | 1 |
_aPolanco Cruz, Eduver _929833 |
|
| 700 | 1 |
_aGonzález Gutiérrez, Mirtha, _ecorrección _973778 |
|
| 700 | 1 |
_aVargas Ortega, Gisela M., _erevisión editorial _9346 |
|
| 910 | _aBtavárez | ||
| 942 |
_2ddc _cLBS1 |
||
| 999 |
_c55204 _d55204 |
||